Normal view
MARC view
- Vocabulario
Entry Materia
001 - NÚMERO DE CONTROL DEL REGISTRO
- campo de control: 21137
003 - IDENTIFICADOR DE NUMERO DE CONTROL
- campo de control: UPN
005 - FECHA Y HORA DE LA ÚLTIMA TRANSACCIÓN
- campo de control: 20221003131832.0
008 - DATOS DE LONGITUD FIJA
- campo de control de longitud fija: nabaccnnaabn|||||||||| b |nc|||||d
035 ## - NÚMERO DE CONTROL DEL SISTEMA
- Número de control del sistema: UPN10000021146
040 ## - FUENTE DE LA CATALOGACIÓN
- Lengua de catalogación: SPA
- Agencia de transcripción: UPN
- Centro catalogador de origen: MX-MxUPN
046 ## - FECHAS CON CODIFICACIÓN ESPECIAL
- Fecha final para contenidos agregados: 2022
150 ## - ENCABEZAMIENTO - TEMÁTICO
- Término de materia o nombre geográfico como elemento inicial: Vocabulario
670 ## - FUENTE EN LA QUE SE LOCALIZARON DATOS
- Cita de la fuente: E
680 ## - NOTA GENERAL CON DESPLIEGUE PÚBLICO
- Texto explicativo: Aquí se asientan las obras generales y particulares sobre el vocabulario español. Las obras que tratan de los vocabularios de otras lenguas se asientan bajo el nombre de la lengua específica, con la subdivisión de
- Encabezamiento: VOCABULARIO Ej. :
- Encabezamiento: FRANCES - VOCABULARIO
902 ## - CATALOGADOR
- Catalogador: PN/290796
